000 00903nam a2200313Ia 4500
001 Para_1546
003 CHAP
008 220125s1992 xx 000 0 und d
010 _a200128
040 _cCHAP
082 _aPA 632 G8
100 _aGurr, Sarah Jone, ed.
_9165038
245 _aMolecular plant pathology :
_b a practical approach /
_c ed. by Sarah Jane Gurr, Michael McPherson and Dianna Bowles
260 _aOxford :
_b IRL Press
300 _av.
500 _aLa biblioteca tiene: v. 1
650 _aBiofísica
_912735
650 _aFitopatología
_941161
650 _aMicroorganismos patógenos
_975528
700 _aBowles, Dianna
_9165039
700 _aMcPherson, Michael
_9165040
901 _aPA 632 G8
902 _aA
905 _a0000001992 0000000000 00
910 _a1992
942 _cPARA
942 _cPARA
_d1
999 _c200128
_d200128